Mechanizmus preskoku štíhlej steny, prelomenia plochej škrupiny

Saved in:
Bibliographic Details
Main Author: Havran, Jozef (Author)
Other Authors: Psotný, Martin (Thesis advisor)
Format: Manuscript Book
Language:Slovak
Published: 2017
Subjects:
Online Access:http://is.stuba.sk/zp/portal_zp.pl?podrobnosti=111497
Tags: Add Tag
No Tags, Be the first to tag this record!

MARC

LEADER 00000ntm a22000003a 4500
001 stuzp42621
003 SK-STU
005 20170909210254.3
007 ta
008 150427s2015----xo-----f-mn---000-0-slo-d
040 |a STU  |b slo 
041 0 |a slo 
100 1 |a Havran, Jozef  |u 010250  |4 aut  |U SvF Stavebná fakulta  |T SvF Katedra stavebnej mechaniky  |X 49379  |U V250  |Y 26  |7 A000049379 
242 0 1 |a Snap-Through Effect of a Slender Web and a Shallow Shell  |y eng 
245 1 0 |a Mechanizmus preskoku štíhlej steny, prelomenia plochej škrupiny 
260 |c 2017 
650 4 |a začiatočné imperfekcie  |2 slo 
650 4 |a Newton-Raphsonova iterácia  |2 slo 
650 4 |a geometrická nelineárna teória  |2 slo 
650 4 |a stabilita  |2 slo 
650 4 |a prírastková metóda  |2 slo 
650 4 |a stability  |2 eng 
650 4 |a geometrically nonlinear theory  |2 eng 
650 4 |a initial imperfections  |2 eng 
650 4 |a Newton-Raphson iteration  |2 eng 
650 4 |a incremental solution  |2 eng 
700 1 |a Psotný, Martin  |u 010250  |k Z1  |4 ths  |U SvF Stavebná fakulta  |T SvF Katedra stavebnej mechaniky  |X 748  |U V250  |Y 26  |7 A000000748 
856 4 |u http://is.stuba.sk/zp/portal_zp.pl?podrobnosti=111497 
996 |b 284V041427  |c V* 3390/DP-1320  |l VVS  |s P  |a 0  |w stuzp42621_0001